Industrial control over the socialist town : benevolence or exploitation?

Αποθηκεύτηκε σε:
Λεπτομέρειες βιβλιογραφικής εγγραφής
Κύριος συγγραφέας: Domanski, Boleslaw
Μορφή: Βιβλίο
Γλώσσα:English
Δημοσίευση: Westport, Connecticut : Praeger Publishers, c1997
Θέματα:
Ετικέτες: Προσθήκη ετικέτας
Δεν υπάρχουν, Καταχωρήστε ετικέτα πρώτοι!

MARC

LEADER 00000nam a2200000 i 4500
001 1/66658
008 990115s1997 eng d
020 |a 0-275-95633-4 
035 |l 10047343 
040 |a GR-MY-UA  |b gre  |e aacr 
041 0 |a eng 
082 0 |a 306.34091717 
100 1 |a Domanski, Boleslaw. 
245 1 0 |a Industrial control over the socialist town :  |b benevolence or exploitation? /  |c Boleslaw Domanski 
260 |a Westport, Connecticut :   |b Praeger Publishers,   |c c1997 
300 |a 251 p. 
504 |a Includes bibliographical references and index 
650 0 0 |a Industries  |x Social aspects  |z Communist countries. 
650 0 0 |a Industries  |x Social aspects  |z Poland. 
650 0 0 |a Cities and towns  |z Communist countries. 
650 0 0 |a Cities and towns  |z Poland. 
650 0 0 |a Business and politics  |z Communist countries. 
650 0 0 |a Business and politics  |z Poland. 
650 0 0 |a Company towns  |z Communist countries. 
650 0 0 |a Company towns  |z Poland. 
852 |a INST  |b LESVOS  |e 19990115  |h 306.34091717 DOM  |p 005100016952  |q 005100016952  |t BK  |y 0 
901 |a BIBL-1999-1 
909 |a Λ  |b 061596 
922 |a 1ΕΛΗ  |b 199812  |c ΚΠΣ/ΤΚ  |d ΠΑΠΑΣΩΤΗΡΙΟΥ 
950 |a 103-1998-07-27